000
00259nam a22001217a 4500
008
180216b xxu||||| |||| 00| 0 eng d
041
_a
eng
080
_a
54
100
_a
12
101
_a
kim
245
_a
texbook of chemistry
_c
scott.e
942
_2
udc
_c
BK
999
_c
42749
_d
42749